000 00687nam a22002177a 4500
003 UA-OsUOA
001 121390
007 ta
008 20170320b un ||||| |||| 00| 0 ukr d
100 _aКазанський Д.
090 _a32
_bК14
942 _cSA
040 _aUA-OsUOA
_bukr
_cUA-OsUOA
_dUA-OsUOA
245 _aПо той бік блокади. Як сприйняли обмеження економічної інтеграції з Україною в ОРДІЛО та Росії
300 _aС.15-17
955 _a0
041 _aukr
080 _a32
773 0 _w121388
_tУкраїнський тиждень
_dК.
_d2017
_g10
650 7 _a32 Політика
_2UDC
999 _c407602
_d407602